000 01084cad a22002055a 4500
001 L157566
008 130122s2013 xxk f 000 0 eng d
035 _a(Sirsi) u157566
041 0 _aeng
110 2 _aUnited Kingdom
_bDepartment for Business, Innovation and Skills
_95760
245 0 0 _aOffshore wind sector strategy
_bcall for views
_h[electronic resource]
260 _aLondon
_bBIS
_c2013
520 _aSeeks views on the actions needed to be taken to promote in order to promote "innovation, investment and economic growth" in the UK based supply chain for offshore wind. Participants are invited to consider a number of questions on subjects including innovation, technology development and knowledge transfer. The consultation closes on 4 February 2013.
590 _aKA
651 4 _aUnited Kingdom
690 _aEnergy
_96237
690 _aSustainability
_96271
856 4 0 _uhttps://www.gov.uk/government/uploads/system/uploads/attachment_data/file/49738/Offshore_wind_sector_strategy_-_a_call_for_views.DOC
_zView the item free of charge at www.gov.uk
942 _n0
999 _c114840
_d114840